Every NBA scoring title winner since 2010 - Statistics

General Stats
  • This quiz has been taken 17 times
  • The average score is 7 of 16
Answer Stats
Hint Answer % Correct
2025 Shai Gilgeous-Alexander
85%
2018 James Harden
69%
2019 James Harden
62%
2023 Joel Embiid
62%
2024 Luka Doncic
62%
2020 James Harden
54%
2017 Russell Westbrook
54%
2016 Stephen Curry
54%
2022 Joel Embiid
38%
2014 Kevin Durant
38%
2021 Stephen Curry
38%
2013 Carmelo Anthony
23%
2012 Kevin Durant
23%
2011 Kevin Durant
23%
2010 Kevin Durant
23%
2015 Russell Westbrook
15%
No matching quizzes found
Score Distribution
Percent of People with Each Score
Percentile by Number Answered
Your Score History
You have not taken this quiz